00688nam a2200169 a 450000100100000000500170001000800410002704000250006808200140009310000280010724500940013526000500022930000190027970000380029895201650033699900170050100003148220200930062948.0110627s1965 dr r 000 0 spa d aDO-SdBNPbspacBNPHU axxxbO23i1 aOdena, Isidro J.95787013aLa intervención ilegal en Santo Domingo /cIsidro J. Odena ; prólogo Arturo Frondizi. aBuenos Aires, Argentina :bDesarrollo,c1965. a79 p. ;c9 cm.1 aFrondizi, Arturo,epról.957871 001050718RVaPDbPDcHDd2011-06-27iLF1l0oxxx O23ip31482-10r2020-06-25w2020-06-25y1zPerteneció a la colección Germán Emilio OrnesZNo se presta c30974d30974